| 000 | 00552cam a2200193 4500 | ||
|---|---|---|---|
| 008 | 090401t1990 xxu||||| |||| 00| 0 eng d | ||
| 020 | _a0080401252 | ||
| 035 | _a(Sirsi) u8904 | ||
| 041 | _aeng | ||
| 050 | _a332.6324094 | ||
| 110 |
_aSweby Cowan _92763 |
||
| 245 | 4 | _aThe guide to European property investment. Volume 2: Denmark, Greece, Republic of Ireland, Italy, Luxembourg, Portugal. | |
| 260 |
_aLondon _bWaterlow Publishers _c1990 |
||
| 300 | _a124p. ; 21x12cm. | ||
| 350 | _a0 | ||
| 710 | _aFIABCI | ||
| 942 | _n0 | ||
| 948 | _c04/03/1997 | ||
| 999 |
_c86575 _d86575 |
||